000 01129cam a2200253 a 4500
999 _c129095
_d129095
001 15116607
003 ARRUPE
005 20190222095308.0
008 071217s2008 maua b 000 0deng
010 _a 2007050463
020 _a9781557255396
040 _aDLC
_cDLC
_dDLC
050 0 0 _aBX4705.P423
_bA88 2008
082 0 0 _a271/.12502
_aB
_222
245 0 0 _aAs we knew him :
_breflections on M. Basil Pennington /
_cedited by Michael Moran and Ann Overton.
260 _aBrewster, Mass. :
_bParaclete Press,
_cc2008.
300 _axiv, 207 p. :
_bill. ;
_c21 cm.
504 _aIncludes bibliographical references (p. [199]-207).
600 1 0 _aPennington, M. Basil.
_944865
700 1 _aMoran, Michael.
_944866
700 1 _aOverton, Ann.
_944867
856 4 1 _3Table of contents only
_uhttp://www.loc.gov/catdir/toc/ecip087/2007050463.html
906 _a7
_bcbc
_corignew
_d1
_eecip
_f20
_gy-gencatlg
942 _2lcc
_cMONOGRAPH